00349 a2200121 4500001001000000005001700010008004100027245003300068100001800101700002000119773007100139999001700210ART_1174020260410161859.0260409a 10aEqual yield tax alternatives1 aWhalley, John1 aShoven, John B.0 tJournal of public economicsg- Vol. 8, NÂș 2 (oct. 1977)wREV11485 c25786d25786